FC Cincinnati current squad - Statistics

General Stats
  • This quiz has been taken 9 times
    8 since last reset
  • The average score is 16 of 28
Answer Stats
Number Player % Correct
1 Alec Kann
100%
31 Alvaro Barreal
100%
10 Luciano Acosta
100%
18 Roman Celentano
100%
2 Alvas Powell
83%
19 Brandon Vazquez
83%
4 Nick Hagglund
83%
28 Raymon Gaddis
83%
7 Yuya Kubo
83%
9 Brenner
67%
93 Junior Moreno
67%
8 Allan Cruz
50%
29 Arquimides Ordonez
50%
20 Geoff Cameron
50%
32 Ian Murphy
50%
23 Isaac Atanga
50%
25 Kenneth Vermeer
50%
24 Tyler Blackett
50%
30 Beckham Sunderland
33%
12 Calvin Harris
33%
14 Dominique Badji
33%
6 Haris Medunjanin
33%
35 Harrison Robledo
33%
3 John Nelson
33%
33 Nick Markanich
33%
22 Ronald Matarrita
33%
16 Zico Bailey
33%
5 Gustavo Valecilla
17%
No matching quizzes found
Score Distribution
Percent of People with Each Score
Percentile by Number Answered
Your Score History
You have not taken this quiz since the last reset